| 000 | 01988nam a2200517 i 4500 | ||
|---|---|---|---|
| 001 | 1676 | ||
| 003 | KOSZ 005 | ||
| 005 | 20221021103634.0 | ||
| 008 | 221021s1981 pl a f 000 0 pol | ||
| 015 | _aPB 1981/7741 | ||
| 020 | _a832132990X | ||
| 035 | _a(OCoLC)749647378 | ||
| 040 |
_aWA N _cWA N _dKOSZ 005/EC _dKOSZ 005/RW |
||
| 041 | 0 |
_apol _bger |
|
| 046 | _k1976 | ||
| 080 | _a624.014.2 | ||
| 080 | _a(07) | ||
| 100 | 1 |
_aAugustyn, Jan _d(1921-2000) _eAutor |
|
| 245 | 1 | 0 |
_aTechnologiczność konstrukcji stalowych / _cJan Augustyn, Eugeniusz Śledziewki ; [recenzent mgr inż. Stanisław Szprynger]. |
| 250 | _aWydanie 2 zmienione. | ||
| 260 |
_aWarszawa : _b"Arkady", _c1981. |
||
| 300 |
_a351, [1] stron : _bilustracje, tabele, wykresy ; _c25 cm. |
||
| 336 |
_aTekst _btxt _2rdacontent |
||
| 337 |
_aBez urządzenia pośredniczącego _bn _2rdamedia |
||
| 338 |
_aWolumin _bnc _2rdacarrier |
||
| 380 | _aKsiążki | ||
| 380 | _aPublikacje fachowe | ||
| 380 | _aPublikacje dydaktyczne | ||
| 385 |
_mPoziom nauczania _aSzkoły wyższe |
||
| 388 | 1 | _a1901-2000 | |
| 388 | 1 | _a1945-1989 | |
| 500 | _aWydanie 1 pt.: Technologiczność konstrukcji spawanych. | ||
| 504 | _aBibliografia na stronach 348-[352]. | ||
| 521 | 8 | _aKsiążka przeznaczona jest dla projektantów konstrukcji stalowych i może służyć jako pomoc dydaktyczna dla studentów wydziałów budowlanych i mechanicznych wyższych uczelni technicznych. | |
| 546 | _aStreszczenie w języku niemieckim. | ||
| 650 | 7 | _aBudownictwo | |
| 650 | 7 | _aKonstrukcje stalowe | |
| 650 | 7 | _aTechnologia | |
| 655 | 7 | _aPodręcznik | |
| 658 | _aArchitektura i budownictwo | ||
| 700 | 1 |
_aŚledziewski, Eugeniusz _d(1902-1980) _eAutor |
|
| 700 | 1 |
_aSzprynger, Stanisław _eRecenzja |
|
| 710 | 2 |
_aWydawnictwo Arkady _4pbl |
|
| 856 |
_uhttp://koha.tu.koszalin.pl/cgi-bin/koha/opac-detail.pl?biblionumber=1676 _yKatalog online BPK |
||
| 942 |
_2UKD _cKS |
||
| 999 |
_c1676 _d1676 |
||